| 000 | 00846nam a2200289Ia 4500 | ||
|---|---|---|---|
| 003 | OSt | ||
| 005 | 20220925223040.0 | ||
| 006 | a|||||r|||| 00| 0 | ||
| 007 | ta | ||
| 008 | 220923b |||||||| |||| 00| 0 eng d | ||
| 020 | _a0415157757 | ||
| 037 | _cGeneral Book | ||
| 040 |
_aRTL _cRTL _beng |
||
| 041 |
_2eng _aeng |
||
| 082 | _aW:77.5.N9, N8 | ||
| 100 |
_aFlynn Tom _9288818 |
||
| 245 | 0 |
_aColonialism and the object _b Empire, material culture and the museum |
|
| 260 |
_aLondon _bRoutledge _c1998 |
||
| 300 |
_axi, 224p _ccm. |
||
| 490 | _aMuseum Meanings | ||
| 500 | _aBibliography: P 205-16 | ||
| 650 | _a Political Science | ||
| 650 |
_aImperialisms _9288819 |
||
| 700 |
_a Barringer Tim Ed _9288820 |
||
| 942 |
_hW:77.5.N9, N8 _cGB _2CC |
||
| 999 |
_c578485 _d578485 |
||